Statistics for Rhymes with Beer

Click here to take the quiz!

General Stats

  • This quiz has been taken 257 times
    (237 since last reset)
  • The average score is 22 of 33

Answer Stats

HintAnswer% Correct
Venisondeer
95%
Not farnear
95%
Angstfear
91%
365 daysyear
90%
We use the above to do thishear
87%
Where?here
87%
Equipmentgear
86%
Ogleleer
85%
Colleaguepeer
85%
Backsiderear
85%
Close to the heartdear
84%
Body partear
84%
Unobstructedclear
81%
Pan fry at high heatsear
76%
Human fluidtear
74%
Tauntjeer
72%
Prost!cheer
71%
Place for shipspier
70%
Swerveveer
68%
Guidesteer
67%
Strangequeer
64%
Onlymere
60%
Lancespear
60%
Spread carelesslysmear
56%
Smirksneer
53%
Roundsphere
49%
Absolutesheer
44%
River barrierweir
42%
Dismaldrear
41%
Russian space stationMir
38%
Pruneshear
38%
Leveltier
34%
CocktailKir
6%

Score Distribution

Percentile by Number Answered

Percent of People with Each Score

Your Score History

You have not taken this quiz since the last reset